LIBRARY & INFORMATION CENTRE, KCAET, TAVANUR

ONLINE PUBLIC ACCESS CATALOGUE (OPAC)

Uncle Tom`s cabin on life ameny the cowly / (Record no. 12535)

MARC details
000 -LEADER
fixed length control field 00455cam a2200169ua 4500
041 ## - LANGUAGE CODE
Language code of text/sound track or separate title eng
082 ## - DEWEY DECIMAL CLASSIFICATION NUMBER
Classification number 823.308
Item number STO/UN
100 ## - MAIN ENTRY--AUTHOR NAME
Personal name Stowe, Harriet Beechen .
245 ## - TITLE STATEMENT
Title Uncle Tom`s cabin on life ameny the cowly /
260 ## - PUBLICATION, DISTRIBUTION, ETC. (IMPRINT)
Place of publication London :
Name of publisher Harward University Press ,
Year of publication 1962.
300 ## - PHYSICAL DESCRIPTION
Number of Pages 461 ; .
942 ## - ADDED ENTRY ELEMENTS (KOHA)
Koha item type Books
Holdings
Withdrawn status Lost status Damaged status Home library Current library Date acquired Full call number Accession Number Koha item type
Withdrawn     KAUAET Central Prison Tavanur 13/11/2023 823.308 STO/UN 10964 Books
Withdrawn     KAUAET Malayalam University 07/04/2012 823.308 5302 Books
free website counter